00857nam a2200253 a 450000100060000000300090000600800410001502000180005604000280007404100080010208200160011010000410012624500730016725000110024026000750025130000100032649000430033650000220037965000250040165000300042665000350045665000550049165100570054625675CO-ViMGA141112s2004 ck r 000 u spa d a9789588366593 aCO-ViMGAbspacCO-ViMGA aSPA04aH860.9 S15e1 aSanín Cano, Baldomero, 1861 - 195710aExiste una literatura hispanoAméricana? / cBaldomero Sanín Cano a2a ed. aMedellín : bUniversidad Autónoma Latinoaméricana UNAULA, c2013 a75 p. aCuadernos de Cultura Latinoaméricana aIncluye índice.14aENSAYOS COLOMBIANOS 14aESPAÑOL - USO - ENSAYOS14aLITERATURA HISPANOAméricaNA 14aLITERATURA Latinoaméricana - HISTORIA Y CRITICA  aAmérica - DESCUBRIMIENTO Y EXPLORACIONES - ENSAYOS